Using of botanical pesticide of cashew trees in santuk and brasat sambo district kompong thom province ការប្រើប្រាស់ថ្នាំពុលធម្មជាតិ​លើដំណាំស្វាយចន្ទីនៅស្រុកសន្ទុក និងស្រុកប្រសាទសំបូរ ខេត្តកំពង់ធំ (Record no. 864)

000 -LEADER
fixed length control field 00739nam a22001577a 4500
003 - CONTROL NUMBER IDENTIFIER
control field OSt
005 - DATE AND TIME OF LATEST TRANSACTION
control field 20150920082118.0
008 - FIXED-LENGTH DATA ELEMENTS--GENERAL INFORMATION
fixed length control field 150920b xxu||||| |||| 00| 0 eng d
040 ## - CATALOGING SOURCE
Transcribing agency RUA
082 ## - DEWEY DECIMAL CLASSIFICATION NUMBER
Classification number AGR THA 2008 B038 Or.1
100 ## - MAIN ENTRY--PERSONAL NAME
9 (RLIN) 896
Personal name THAN, SEYHA.
245 ## - TITLE STATEMENT
Title Using of botanical pesticide of cashew trees in santuk and brasat sambo district kompong thom province ការប្រើប្រាស់ថ្នាំពុលធម្មជាតិ​លើដំណាំស្វាយចន្ទីនៅស្រុកសន្ទុក និងស្រុកប្រសាទសំបូរ ខេត្តកំពង់ធំ
260 ## - PUBLICATION, DISTRIBUTION, ETC. (IMPRINT)
Place of publication, distribution, etc. Phnom Penh
Name of publisher, distributor, etc. RUA
Date of publication, distribution, etc. 2008
300 ## - PHYSICAL DESCRIPTION
Extent x; 47p.
Other physical details ill.
Dimensions 29cm.
942 ## - ADDED ENTRY ELEMENTS (KOHA)
Source of classification or shelving scheme
Koha item type AGR
Holdings
Price effective from Date last seen Permanent Location Not for loan Date acquired Source of classification or shelving scheme Koha item type Lost status Withdrawn status Total Renewals Date last checked out Total Checkouts Shelving location Damaged status Barcode Current Location Full call number
2015-09-202025-09-04Library Block B 2015-09-20 AGR  22025-08-184B038 RUA002205Library Block BAGR THA 2008 B038 Or.1
2015-09-202026-01-02Library Block B 2015-09-20 AGR   2025-11-264B038 RUA002354Library Block BAGR THA 2008 B038 Or.2
2015-09-202015-09-20Library Block B 2015-09-20 AGR     B038 RUA002282Library Block BAGR THA 2008 B038 Or.3
2015-09-202025-07-04Library Block B 2015-09-20 AGR   2025-06-121B038 RUA002210Library Block BAGR THA 2008 B038 Or.4
2015-09-202016-10-18Library Block B 2015-09-20 AGR   2016-09-231B038 RUA002493Library Block BAGR THA 2008 B038 Or.5
2015-09-202025-07-03Library Block B 2015-09-20 AGR   2025-06-133B038 RUA002066Library Block BAGR THA 2008 B038 Or.6
មជ្ឈមណ្ឌលឯការនៃសាកលវិទ្យាល័យភូមិន្ទកសិកម្មចំការដូង

Powered by Koha